Scrambled “B” Words #2 - Statistics

General Stats
  • This quiz has been taken 8 times
  • The average score is 28 of 36
Answer Stats
Hint Answer % Correct
lttbae battle
100%
bmeeac became
100%
secaebu because
100%
dbinhe behind
100%
nebgi being | begin
100%
ebilef belief
100%
iveeble believe
100%
ifbnete benefit
100%
kacbl black
100%
omottb bottom
100%
kaebr break | brake
100%
nrgbi bring
100%
bulit built
100%
nngkabi banking
88%
aibss basis
88%
lonilbi billion
88%
brnach branch
88%
begakirn breaking
88%
giudilnb building
88%
othbomra bathroom
75%
orrbgoinw borrowing
75%
irblnalit brilliant
75%
acablne balance
63%
nbmiogec becoming
63%
rdefoebnah beforehand
63%
iloobailgc biological
63%
edbownrka breakdown
63%
inltuble bulletin
63%
eabclroh bachelor
50%
liyalacbs basically
50%
efiabeclni beneficial
50%
ecioecsnbi bioscience
50%
rbcoatsda broadcast
50%
sbtiirmeoc biometrics
38%
iehbanrtg breathing
38%
ehstisbrgn brightness
38%
No matching quizzes found
Score Distribution
Percent of People with Each Score
Percentile by Number Answered
Your Score History
You have not taken this quiz